000 00524nam a22001937a 4500
003 MPLRDC
005 20220104200644.0
008 210129b ||||| |||| 00| 0 eng d
020 _a978-957-13-5885-7
082 _a293.6 PDX v.6
100 _a朴東宣 REALCRAZYMAN
245 _a血型小将ABO 6
_c彭玲林 译
250 _a初版一刷
260 _a台湾
_b时报文化出版企业股份有限公司
_c2014
300 _b
520 _a上架 2016-12-16。
650 _a血型
942 _cBK
_o293.6 PDX v.6
999 _c66801
_d66791